Score 0/20 Timer 06:00
1 Play Today
Number TV Show % Correct
The Simpsons
97.7%
Rugrats
87.7%
The Cosby Show
84.4%
Full House
77%
Family Guy
76.8%
Chip 'n Dale Rescue Rangers
73.3%
Sister, Sister
67.5%
Arthur
65.8%
Beverly Hills 90210
63.5%
Disney's DuckTales
61.2%
Number TV Show % Correct
Arrested Development
56.8%
The Suite Life of Zack and Cody
53.4%
Jon & Kate Plus 8
44.1%
Angry Beavers
35.3%
Two of a Kind
35.2%
Kim Possible
34.2%
Dragon Tales
32.3%
Everybody Loves Raymond
30.8%
The Proud Family
25.7%
7th Heaven
12.3%
Remove Ads.
Support Sporcle.
Get the best of Sporcle when you Go Orange. This ad-free experience offers more features, more stats, and more fun while also helping to support Sporcle. Thank you for becoming a member.

You're not logged in!

Compare scores with friends on all Sporcle quizzes.
OR
Log In

Show Comments

Extras

Top Quizzes Today


Score Distribution

Your Account Isn't Verified!

In order to create a playlist on Sporcle, you need to verify the email address you used during registration. Go to your Sporcle Settings to finish the process.

Report this User

Report this user for behavior that violates our Community Guidelines.

Details: